000 01161nab a2200205 i 4500
001 768714001
003 CO-MdFUSB
005 20240508121118.0
008 240508t1967 sp ||||| |||| 00| 0 spa d
040 _bspa
_cCO-MdFUSB
_dCO-MdFUSB
041 _aspa
100 _aHuizing, Petrus,
_eautor
245 _aCrimen y castigo en la Iglesia
_c/ Petrus Huizing
520 _aTodos los autores que tratan en general de la revisión del derecho canónico subrayan la necesidad de una total refundición del libro V, el Código penal (De delictis et poenis). Afirman en particular que debería ser radicalmente simplificado. Existen, sin embargo, pocas publicaciones que traten específicamente de la revisión del Código penal. Las páginas siguientes presentan un análisis crítico de los problemas básicos que en tales estudios se suscitan.
650 7 _aIglesia
_9655
653 _aDerecho canónico
773 0 _049450
_982588
_oR2518
_tRevista internacional de teología Concilium
_w(CO-MdFUSB)8
_x0210-1041
_gNúmero 28, (septiembre - octubre, 1967), páginas: 304 -317
_qpágina: 304
942 _cANA
945 _aCatherine Arias Alvarez - Practicante SENA
999 _c69597
_d69597